الابداع الزراعى فى بدايات العالم الاسلامى : انتشار المحاصيل والتقنيات الزراعية ما بين عامى 700 و 1100 للميلاد / (Record no. 43473)
[ view plain ]
| 000 -الفاتح | |
|---|---|
| حقل البيانات ثابتة الطول | 01060nam a2200289Ia 4500 |
| 008 - عناصر البيانات ثابتة الطول - معلومات عامة | |
| حقل البيانات ثابتة الطول | 140319s9999 xx 000 0 ara d |
| 040 ## - مصدر الفهرسة | |
| وكالة الفهرسة الأصلية | GCL / |
| وكالة النسخ | GCL |
| 082 04 - رقم تصنيف ديوى العشرى | |
| رقم التصنيف | ق |
| رقم المادة | 630.953 |
| -- | و ا |
| 100 1# - المدخل الرئيسى - إسم شخصى | |
| الإسم الشخصى | واطسون, اندريو |
| 245 10 - بيان العنوان | |
| العنوان | الابداع الزراعى فى بدايات العالم الاسلامى : انتشار المحاصيل والتقنيات الزراعية ما بين عامى 700 و 1100 للميلاد / |
| بيان المسئوليه,etc | واطسون, اندريو |
| 700 1# - المدخل الاضافى - اسم شخصى | |
| الإسم الشخصى | احمد الاشقر |
| 700 1# - المدخل الاضافى - اسم شخصى | |
| الإسم الشخصى | محمد نذير سنكري |
| 300 ## - الوصف المادى | |
| التعداد | 454 |
| 490 ## - بيان السلسلة | |
| عنوان السلسلة | 100 قصة |
| رقم المجلد/ التعيين التسلسلي | 0 |
| 650 04 - المدخل الاضافى بالموضوع-مصطلح موضوعى | |
| مصطلح موضوعي | تاريخ |
| 650 04 - المدخل الاضافى بالموضوع-مصطلح موضوعى | |
| مصطلح موضوعي | الحضارة العربية الاسلامية - المعارف البحرية |
| 650 04 - المدخل الاضافى بالموضوع-مصطلح موضوعى | |
| مصطلح موضوعي | التراث |
| 650 04 - المدخل الاضافى بالموضوع-مصطلح موضوعى | |
| مصطلح موضوعي | الزراعة |
| 650 04 - المدخل الاضافى بالموضوع-مصطلح موضوعى | |
| مصطلح موضوعي | العالم الاسلامى |
| 650 04 - المدخل الاضافى بالموضوع-مصطلح موضوعى | |
| مصطلح موضوعي | العلوم عند العرب |
| 650 04 - المدخل الاضافى بالموضوع-مصطلح موضوعى | |
| مصطلح موضوعي | الحضارة الاسلامية |
| 650 04 - المدخل الاضافى بالموضوع-مصطلح موضوعى | |
| مصطلح موضوعي | البذور |
| 650 04 - المدخل الاضافى بالموضوع-مصطلح موضوعى | |
| مصطلح موضوعي | المحاصيل |
| 650 04 - المدخل الاضافى بالموضوع-مصطلح موضوعى | |
| مصطلح موضوعي | الزراعة, تاريخ |
| 942 ## - عناصر المدخل الإضافي( كوها) | |
| مصدر التصنيف او مخطط الترفيف | Dewey Decimal Classification |
| Koha [default] item type | كتاب |
| حالة التراجع | حالة الفقد | حالة تلف | ليس للاعارة | المكان المؤقت | الموقع الحالى | تاريخ الاكتساب | اجمالي اﻻعارات | رقم الطلب | الباركود | تاريخ اخر مشاهدة | تاريخ تفعيل السعر | نوع وعاء كوها |
|---|---|---|---|---|---|---|---|---|---|---|---|---|
| مكتبة القاهرة الكبرى | مكتبة القاهرة الكبرى | 03/26/2014 | ق\630.953\و ا | 105249 | 03/26/2014 | 03/26/2014 | كتاب | |||||
| مكتبة القاهرة الكبرى | مكتبة القاهرة الكبرى | 03/26/2014 | ق\630.953\و ا | 105250 | 03/26/2014 | 03/26/2014 | كتاب |

